000
00370nam a2200133Ia 4500
008
151001s9999||||xx |||||||||||||| ||und||
100
_a
उदय कांबळे
245
_a
तुझ्या आठवणीत
250
_a
1
260
_b
"गवळी प्रकाशन, इस्लामपूर"
260
_c
2013
300
_a
48
365
_b
21
999
_c
999783
_d
999780